Metodický model vyučovania slovenského jazyka a slovenskej literatúry v školách s vyučovacím jazykom maďarským. Metodický model vyučovania slovenského jazyka a slovenskej literatúry v 1. ročníku základnej školy s vyučovacím jazykom maďarským /
Uložené v:
| Hlavní autori: | , |
|---|---|
| Médium: | Kniha |
| Jazyk: | Slovak |
| Vydané: |
Bratislava :
Štátny pedagogický ústav,
2021.
|
| Témy: | |
| ISBN: |
9788081182648 |
| Fyzický popis: |
130 strán : ilustrácie, tabuľky ; 30 cm. |
| Tagy: |
Pridať tag
Žiadne tagy, Buďte prvý kto otaguje tento záznam!
|
Titul je dostupný aj v ... 

MARC
| LEADER | 00000nam a2200000 i 4500 | ||
|---|---|---|---|
| 001 | 000678564 | ||
| 005 | 20220426143719.0 | ||
| 008 | 220321s2021 xo al g f 000 0 slo d | ||
| 020 | |a 9788081182648 |q (brožované) | ||
| 040 | |a SVKKK |b slo |c SVKKK |e rda | ||
| 041 | 0 | |a slo | |
| 044 | |a xo |c SK | ||
| 072 | 7 | |a 811.162.4 |x Slovenčina |2 konspekt | |
| 072 | 7 | |a 373.2/.3 |x Predškolská a primárna výchova a vzdelávanie |2 konspekt | |
| 080 | |a 811.162.4 |2 2011 | ||
| 080 | |a 82:37.016 |2 2011 | ||
| 080 | |a 37.091.214 |2 2011 | ||
| 080 | |a 373.3 |2 2011 | ||
| 080 | |a (072) |2 2011 | ||
| 100 | 1 | |a Halászová, Anita |4 aut | |
| 245 | 1 | 0 | |a Metodický model vyučovania slovenského jazyka a slovenskej literatúry v školách s vyučovacím jazykom maďarským. |p Metodický model vyučovania slovenského jazyka a slovenskej literatúry v 1. ročníku základnej školy s vyučovacím jazykom maďarským / |c Anita Halászová a kolektív. |
| 246 | 3 | 3 | |a Metodický model vyučovania slovenského jazyka a slovenskej literatúry v 1. ročníku základnej školy s vyučovacím jazykom maďarským |
| 264 | 1 | |a Bratislava : |b Štátny pedagogický ústav, |c 2021. | |
| 300 | |a 130 strán : |b ilustrácie, tabuľky ; |c 30 cm. | ||
| 336 | |a text |b txt |2 rdacontent | ||
| 337 | |a bez média |b n |2 rdamedia | ||
| 338 | |a zväzok |b nc |2 rdacarrier | ||
| 500 | |a Na chrbáte číselné označenie: 1 | ||
| 500 | |a Obsahuje skratky | ||
| 500 | |a Na obálke pod názvom: Ministerstvo školstva, vedy, výskumu a športu Slovenskej republiky, Metodicko pedagogické centrum, Štátný pedagogický ústav | ||
| 500 | |a Text tlačený priečne | ||
| 504 | |a Obsahuje bibliografiu a bibliografické odkazy | ||
| 650 | 0 | 7 | |a slovenčina |2 SVKKKPH |
| 650 | 0 | 7 | |a literárna výchova |2 SVKKKPH |
| 650 | 0 | 7 | |a učebné osnovy |2 SVKKKPH |
| 650 | 0 | 7 | |a základné vzdelávanie |2 SVKKKPHeng |
| 650 | 0 | 7 | |a Slovak language |2 SVKKKPHeng |
| 650 | 0 | 7 | |a literary education |2 SVKKKPHeng |
| 650 | 0 | 7 | |a subject programmes |2 SVKKKPHeng |
| 650 | 0 | 7 | |a elementary school education |2 SVKKKPHeng |
| 655 | 7 | |a metodické príručky |2 SVKKKPH | |
| 655 | 7 | |a methodological manuals |2 SVKKKPHeng | |
| 700 | 1 | |a Horváth, Anita |4 aut | |
| 710 | 2 | |a Ministerstvo školstva, vedy, výskumu a športu Slovenskej republiky (Bratislava, Slovensko) |4 pbl | |
| 710 | 2 | |a Metodicko pedagogické centrum |4 pbl | |
| 910 | |a svkkk | ||
| 919 | |a 978-80-8118-264-8 | ||
| 998 | |a BK | ||
| 090 | |g SCKHL |k Sklad Hlavná 10 prízemie |a V.242081 |j 1115833 |i 2720887384 |s Povinný výt. | ||